000
00303nam a2200109Ia 4500
008
200302s9999 xx 000 0 und d
100
_a
Pratapadity a Pal
245
_a
In Pursuit of the Past Collection old Art in Modern India Circa 1875-1950
260
_b
Marg publishibg
260
_c
2015
300
_a
179
999
_c
3805
_d
3805